01299 2200529 4500001002100000005001500021035002000036245006300056100001600119250000600135300003500141260003300176082001000209084001600219020002200235650001700257990001600274990001600290990001600306990001600322990001600338990001700354990001600371990001600387990001600403990001600419990001700435990001600452990001600468990001600484990001700500990001700517990001600534990001600550990001700566990001700583990001700600990001600617990001700633990001700650990001700667990001700684990001700701990001700718990001700735990001700752INLIS00000000000047720181108114530 a0010-11180000201 aResensi Buku :bApa dan Bagaimana Tekniknya /cEdi Warsidi0 aEdi Warsidi a- avi, 98 hlm. :bilus. ;c21 cm. aBekasi :bMitra Utama,c2008 a028.1 a028.1 EDI r a978-602-84260-5-3 aResensi Buku a1648/P/2018 a1649/P/2018 a1650/P/2018 a1651/P/2018 a1652/P/2018 a01652/P/2018 a1648/P/2018 a1649/P/2018 a1650/P/2018 a1651/P/2018 a01651/P/2018 a1648/P/2018 a1649/P/2018 a1650/P/2018 a01652/P/2018 a01650/P/2018 a1648/P/2018 a1649/P/2018 a01651/P/2018 a01652/P/2018 a01649/P/2018 a1648/P/2018 a01650/P/2018 a01651/P/2018 a01652/P/2018 a01648/P/2018 a01649/P/2018 a01650/P/2018 a01651/P/2018 a01652/P/2018